QCM sur l’Islande - Statistiques

Statistiques générales
  • Ce quiz a été pris 17 fois
  • Le résultat moyen est 8 sur 12
Statistiques - réponses
Question Réponse % Correct
Quelle est la capitale de l’Islande ? Reykjavik
100%
En 2010, l’éruption de quel volcan a interrompu le trafic aérien de nombreux pays européens durant quelques jours au mois d’avril ? Eyjafjallajökull
94%
Lequel de ces produits laitiers est d’origine islandaise ? Skyr
94%
Qu’est ce qui a été popularisé par les fans islandais durant l’Euro 2016 ? Le clapping
88%
L’Islande fait-elle partie de l’Union européenne ? Non
75%
Laquelle de ces photos a été prise en Islande ?
69%
De quel pays l’Islande est-elle devenue complètement indépendante en 1944 ? Danemark
63%
Quel est le territoire le plus proche du pays ? Groenland
50%
En quelle année l’équipe d'Islande a-t-elle participé à sa première Coupe du monde de football ? 2018
38%
Quel courant océanique rend l'Islande plus chaude qu'elle ne devrait être ? Gulf Stream
38%
Dans quel album des Aventures de Tintin Tintin se retrouve-t-il en Islande ? L'Étoile mystérieuse
38%
Comment s’appellent les conflits ayant opposé l’Islande au Royaume-Uni dans les années 70 pour l'exploitation des eaux poissonneuses entourant le pays ? Les guerres de la morue
31%
Aucun quiz correspondant
Distribution des résultats
% des personnes avec chaque résultat
Percentile par nombre de réponses
Votre historique - résultats
Vous n’avez pas pris ce quiz